000 00862nac a22002651i 4500
003 EG-ScBUE
005 20260120102536.0
008 260120s1987 nyua f b 001 0 eng d
020 _a0471874167
040 _aEG-ScBUE
_beng
_erda
_cEG-ScBUE
_dEG-ScBUE
082 0 4 _a551.5184
_bFEI
_222
245 0 0 _aMonsoons /
_cedited by Jay S. Fein, Pamela L. Stephens.
264 1 _aNew York :
_bWiley,
_c1987.
300 _axix, 632 pages :
_billustrations ;
_c25 cm
336 _2rdacontent
_atext
_btxt
337 _aunmediated
_2rdamedia
_bn
338 _avolume
_bnc
_2rdacarrier
500 _a"A Wiley-Interscience publication."
504 _aIncludes bibliographical references and index.
650 7 _aMonsoons.
_2BUEsh
655 _vReading book
700 1 _aFein, Jay S.,
_d1937-
_eeditor.
700 1 _aStephens, Pamela L.,
_d1949-
_eeditor.
942 _cBB
_2ddc
999 _c7281
_d7281